000 00651cam a22002173a 4500
001 39871
003 PGUSA
005 20140828083904.0
008 120531s2012||||xxu|||||s|||||000 | eng d
040 _aPGUSA
_beng
042 _adc
100 1 _aBangs, John Kendrick,
_d1862-1922
245 1 0 _aBikey the Skicycle and Other Tales of Jimmieboy
_h[electronic resource] /
_cJohn Kendrick Bangs
260 _bProject Gutenberg,
_c2012
506 _aPublic domain in the USA.
516 _aElectronic text
700 1 _aNewell, Peter,
_d1862-1924
830 0 _aProject Gutenberg
_v39871
856 4 0 _uhttp://www.gutenberg.org/ebooks/39871
942 _cEB
999 _c269124
_d269124